| 000 | 00671 a2200217 4500 | ||
|---|---|---|---|
| 999 |
_c1475 _d1475 |
||
| 020 | _a9780826469533 (pbk) 9781408065709 (pbk) | ||
| 050 | _aHF5657.4 LUC 2003 | ||
| 100 |
_aLucey, Terry _eauthor |
||
| 245 |
_aManagement accounting / _cTerry Lucey. |
||
| 250 | _a5th | ||
| 264 |
_aLondon, Belmont : _bDP Publications; South-Western Cengage Learning, _c2003 |
||
| 300 |
_aix, 732 pages : _billustrations ; 25 cm |
||
| 500 | _aIncludes index. | ||
| 650 | _aManagerial accounting | ||
| 650 |
_aManagement _xPlanning |
||
| 650 | _aAccounting | ||
| 650 | _aBudget | ||
| 650 | _aCost accounting | ||
| 650 | _aDecision making | ||
| 942 |
_2lcc _cBK _e5th _h5657.4 _iLUC _kHF |
||